[Event "Ankara Ipek Memorial 8th"]
[Site "Ankara"]
[Date "2020.03.07"]
[Round "4"]
[White "Gokdogan, Alperen"]
[Black "Tastan, Tuna Yasin"]
[Result "0-1"]
[WhiteElo "1305"]
[BlackElo "1535"]
[PlyCount "108"]
[EventDate "2020.03.04"]
[EventType "swiss"]
[EventRounds "7"]
[EventCountry "TUR"]
[SourceTitle "CBM 195 Extra"]
[Source "ChessBase"]
[SourceDate "2020.05.31"]
[SourceVersion "1"]
[SourceVersionDate "2020.05.31"]
[SourceQuality "1"]

1. e4 c5 2. c3 e6 3. d4 d5 4. e5 Nc6 5. Nf3 cxd4 6. cxd4 Bb4+ 7. Bd2 Qb6 8. Na3 Bxd2+ 9. Qxd2 a6 10. Bd3 Bd7 11. Nc2 Nge7 12. 0-0 0-0 13. Ne3 Ng6 14. h4 Qb4 15. Qd1 Nf4 16. Bc2 Nxd4 17. Nxd4 Qxd4 18. Qf3 Qxe5 19. g3 Ng6 20. Rfe1 Qf6 21. Qh5 Rac8 22. Ng4 Qxb2 23. Bd3 Bb5 24. Reb1 Qd4 25. Bxb5 axb5 26. Qg5 f5 27. Ne3 f4 28. Qg4 Qf6 29. Ng2 fxg3 30. fxg3 Qf5 31. Qxf5 Rxf5 32. Rxb5 Rf3 33. Kh2 Rcc3 34. Rxb7 Rxg3 35. Rb8+ Kf7 36. Rb7+ Kf6 37. a4 Rh3+ 38. Kg1 Rcg3 39. Kf2 Ra3 40. Rxa3 Rxa3 41. Ra7 Ne5 42. a5 Nc6 43. Ra6 Nxa5 44. Nf4 Nc4 45. Nxd5+ Ke5 46. Rxa3 Nxa3 47. Ne3 Nb5 48. Kf3 Nd4+ 49. Kf2 Kf4 50. Ng2+ Kg4 51. Ke3 Nf5+ 52. Ke4 Nxh4 53. Nxh4 Kxh4 54. Kf4 g5+ 0-1